Welcome to CU Library Online Public Access Catalogue (OPAC)

Keys to successful succession; (Record no. 4732)

MARC details
000 -LEADER
fixed length control field 00383nam a22001457a 4500
005 - DATE AND TIME OF LATEST TRANSACTION
control field 20250313094019.0
008 - FIXED-LENGTH DATA ELEMENTS--GENERAL INFORMATION
fixed length control field 250313b |||||||| |||| 00| 0 eng d
020 ## - INTERNATIONAL STANDARD BOOK NUMBER
International Standard Book Number 9988012357
050 ## - LIBRARY OF CONGRESS CALL NUMBER
Classification number HD62
Item number .25 ANS
100 ## - MAIN ENTRY--PERSONAL NAME
Personal name Ansah, Kwabena Emmanuel
245 ## - TITLE STATEMENT
Title Keys to successful succession;
260 ## - PUBLICATION, DISTRIBUTION, ETC.
Name of publisher, distributor, etc. Scrolls Publishing House Ltd
Date of publication, distribution, etc. c2002
300 ## - PHYSICAL DESCRIPTION
Extent v,134p
942 ## - ADDED ENTRY ELEMENTS (KOHA)
Source of classification or shelving scheme Library of Congress Classification
Koha item type Books
Suppress in OPAC No
999 ## -
-- 4732
-- 4732
Holdings
Withdrawn status Lost status Source of classification or shelving scheme Damaged status Not for loan Collection Home library Current library Shelving location Date acquired Total checkouts Full call number Barcode Date last seen Copy number Price effective from Koha item type
    Library of Congress Classification     Non-fiction Graduate Library (Christ Temple) Graduate Library (Christ Temple) General stacks 06/03/2025   HD 62.25 ANS GSCT00001489 06/03/2025 1 06/03/2025 Books
    Library of Congress Classification     Non-fiction Undergraduate Library (Christ Temple) Undergraduate Library (Christ Temple) General stacks 03/13/2025   HD62.25 ANS ulct00001674 03/13/2025 1 03/13/2025 Books
    Library of Congress Classification     Non-fiction Undergraduate Library (Christ Temple) Undergraduate Library (Christ Temple) General stacks 03/13/2025   HD62.25 ANS ulct00001675 03/13/2025 2 03/13/2025 Books
    Library of Congress Classification     Non-fiction Undergraduate Library (Christ Temple) Undergraduate Library (Christ Temple) General stacks 03/13/2025   HD62.25 ANS ulct00001676 03/13/2025 3 03/13/2025 Books
© 2023-2024 Copyright: Central University Libraries. All Rights Reserved | Created by: Mahone Tech Office